Statistieken voor Willekeurig Afrikaans Land naar Hoofdstad

Klik hier om de quiz te nemen!

Algemene statistieken

  • Deze quiz is 480 keer genomen
  • De gemiddelde score is 8 van 10

Antwoordstatistieken

LandHoofdstad% Correct
DjiboutiDjibouti
100%
Zuid-AfrikaPretoria | Kaapstad | Bloemfontein
100%
EgypteCaïro
97%
MarokkoRabat
96%
KeniaNairobi
95%
Sao Tomé en PrincipeSão Tomé
95%
Republiek CongoBrazzaville
90%
AlgerijeAlgiers
89%
MadagaskarAntananarivo
89%
Democratische Republiek CongoKinshasa
88%
TunesiëTunis
88%
LiberiaMonrovia
86%
LibiëTripoli
86%
EthiopiëAddis Abeba
84%
SomaliëMogadishu
83%
MaliBamako
80%
SenegalDakar
80%
Guinee-BissauBissau
79%
GhanaAccra
78%
AngolaLuanda
78%
KaapverdiëPraia
77%
Burkina FasoOuagadougou
76%
BotswanaGaborone
75%
NamibiëWindhoek
75%
TanzaniaDodoma
74%
TogoLomé
71%
BurundiGitega
70%
ZambiaLusaka
70%
RwandaKigali
69%
MalawiLilongwe
68%
EritreaAsmara
67%
KameroenYaoundé
67%
ZimbabweHarare
65%
TsjaadNdjamena
65%
Zuid-SoedanDjoeba
64%
OegandaKampala
64%
NigerNiamey
61%
MauritaniëNouakchott
61%
SeychellenVictoria
61%
IvoorkustYamoussoukro
61%
NigeriaAbuja
60%
Sierra LeoneFreetown
60%
SoedanKhartoem
60%
EswatiniMbabane
60%
BeninPorto-Novo | Cotonou
60%
MozambiqueMaputo
58%
GabonLibreville
56%
GuineeConakry
54%
MauritiusPort Louis
54%
Centraal-Afrikaanse RepubliekBangui
53%
GambiaBanjul
53%
Equatoriaal-GuineaMalabo
45%
LesothoMaseru
45%
ComorenMoroni
42%

Scoreverdeling

Percentiel versus Aantal Correcte Antwoorden

Procent van Mensen met Elke Score

Uw Scoregeschiedenis

U heeft deze quiz nog niet genomen